Sobre la verdad: ¿validez universal o justificación?
Salvato in:
| Autori principali: | , |
|---|---|
| Natura: | Libro |
| Lingua: | spagnolo |
| Pubblicazione: |
Buenos Aires
Amorrortu
2007
|
| Edizione: | 1a. ed |
| Serie: | Filosofía
|
| Soggetti: | |
| Tags: |
Aggiungi Tag
Nessun Tag, puoi essere il primo ad aggiungerne!!
|
MARC
| LEADER | 00000cam a2200000 a 4500 | ||
|---|---|---|---|
| 001 | UCE0491 | ||
| 003 | CL-VaPUC | ||
| 008 | 140124e20070000ag |||||||||||||||||spa|d | ||
| 020 | |a 9789505183753 | ||
| 082 | 0 | 4 | |a 142 |b ROR |2 21 |
| 100 | 0 | |a Rorty, Richard |e author |9 455762 | |
| 700 | 0 | |a Habermas, Jürgen |e author |9 334312 | |
| 245 | 1 | 0 | |a Sobre la verdad: ¿validez universal o justificación? |
| 250 | |a 1a. ed | ||
| 300 | |a 168 p | ||
| 942 | |c BK | ||
| 945 | |d 20140124 15:34:00 |a dcastane | ||
| 260 | |a Buenos Aires |b Amorrortu |c 2007 | ||
| 650 | 0 | |a Objetividad |9 319331 | |
| 650 | 0 | |a Racionalismo |9 259116 | |
| 650 | 0 | |a Crítica |9 373015 | |
| 650 | 0 | |a Verdad |9 313815 | |
| 650 | 0 | |a Relativismo |9 322356 | |
| 583 | |a last modification |c 20140124 15:34:00 |k Rodrigo Vera | ||
| 490 | 0 | |a Filosofía | |
| 999 | |c 354596 |d 354594 | ||
| 952 | |0 0 |1 0 |3 erb |4 0 |6 142_000000000000000_ROR_2007 |7 0 |8 A |9 460559 |a BIBEDU |b BIBEDU |i 5052890 |o 142 ROR 2007 |p 5052890 |r 2019-11-23 |w 2019-11-23 |y BK |z Catalogado en:20140124 |k FIL | ||